000 00688nam a2200241Ia 4500
003 OSt
005 20220926012653.0
006 a|||||r|||| 00| 0
007 ta
008 220923b |||||||| |||| 00| 0 eng d
037 _cGeneral Book
040 _aRTL
_cRTL
_beng
041 _2eng
_aeng
082 _aY:45.73.N7, L1
100 _aGoldstein Abraham S
_9317158
245 0 _aCrime, law and society
260 _aNew York
_bFree Press
_c1971
300 _axi, 452p
_ccm.
650 _aSocial Crime
_9233199
700 _a Goldstein Joseph
_9317159
942 _hY:45.73.N7, L1
_cGB
_2CC
999 _c623941
_d623941